Remaja harus tahu

Bibliographic Details
Main Author: Turamni, W.S
Format: Book
Published: Johor : Home Health Education Service Sdn. Bhd. , 2017
Subjects:

MARC

LEADER 00000cam a2200000 7i4500
001 0000086522
005 20210316.0
008 210316
020 |a 9789671495704 
041 0 |a Malay 
090 0 0 |a 155.50186   |b TUR 
100 1 |a Turamni, W.S. 
245 1 0 |a Remaja harus tahu   |c W.S. Turamni 
260 |a Johor :   |b Home Health Education Service Sdn. Bhd. ,   |c 2017 
300 |a 224 p. :   |b ill. ;   |c 20.9 cm. 
541 0 0 |c Purchased on 2020   |f IV20-0073 HHE   |h RM32.00 
650 0 |a Adolescents psychology 
999 |a 0001655225   |b Book   |c Adult Collection   |e Perbadanan Perpustakaan Awam Johor 
999 |a 0001655226   |b Book   |c Adult Collection   |e Cawangan Urban Transformation Centre 
999 |a 0001655227   |b Book   |c Adult Collection   |e Cawangan AEON Kulaijaya 
999 |a 0001655617   |b Book   |c Adult Collection   |e Cawangan Bukit Gambir 
999 |a 0001655618   |b Book   |c Adult Collection   |e Cawangan Tangkak 
999 |a 0001655619   |b Book   |c Adult Collection   |e Cawangan Pontian 
999 |a 0001655620   |b Book   |c Adult Collection   |e Cawangan Bandar Tenggara 
999 |a 0001655621   |b Book   |c Adult Collection   |e Cawangan Mersing 
999 |a 0001655622   |b Book   |c Adult Collection   |e Cawangan Tmn. Ungku Tun Aminah 
999 |a 0001655623   |b Book   |c Adult Collection   |e Cawangan Batu Pahat 
999 |a 0001655624   |b Book   |c Adult Collection   |e Cawangan Kota Tinggi 
999 |a 0001655625   |b Book   |c Adult Collection   |e Cawangan Taman Sri Lambak 
999 |a 0001655626   |b Book   |c Adult Collection   |e Cawangan Muar 
999 |a 0001655628   |b Book   |c Adult Collection   |e Cawangan Segamat 
999 |a 0001655629   |b Book   |c Adult Collection   |e Cawangan Bandar Penawar